000 01500nam a2200373 i 4500
001 000037604
003 DO-SdBNP
005 20260321073642.0
007 ta
008 121001s2010 dr ac 000 0 spa d
020 _a9789945874907
040 _aDO-SdBNP
_bspa
_cBNPHU
_erda
041 _aspa
082 4 _a972.93054
_bF745d
_222
100 1 _aFortunato, René
_945450
_eautor
245 1 3 _aLa democracia revolucionaria :
_bimágenes y documentos del gobierno constitucional de la República Dominicana de 1963 presidido por Juan Bosch /
_cRené Fortunato.
250 _aPrimera edición
264 4 _aSanto Domingo :
_bVideocine Palau,
_c©2010.
300 _a327 páginas :
_bilustraciones, retratos ;
_c32 cm.
336 _2rdacontent
_atexto
_btxt
337 _2rdamedia
_asin mediación
_bn
338 _2rdacarrier
_avolumen
_bnc
490 0 _aDocumentos de historia contemporánea ;
_v11
500 _aIncluye además el libreto original del largometraje documental ¨Bosch: Presidente en la frontera imperial¨
500 _aIncluye referencias bibliográficas y notas al pie de las páginas
500 _aIncluye índice
504 _aBibliografía : p. 309-312
590 _aInventariado, 2024/MFF
600 1 0 _a Bosch, Juan,
_d1909-2001
_xVida política
_976555
651 4 _aRepública Dominicana
_xPolítica y gobierto
_y1961-
_986423
651 4 _aRepública Dominicana
_xHistoria
_y1961-
_96572
910 _aValidado. Control de calidad MFF
942 _2ddc
_cLBS1
999 _c37094
_d37094